Sports Quiz

Random Sports or Soccer Quiz

PSG Knowledge Quiz Stats

Quiz not verified by Sporcle

Challenge
Share
Tweet
Embed
Score 0/105 Timer 15:00
0 Plays Today
Hint Answer % Correct
9 Last #9 JerseyEdinson Cavani
94.9%
4 Uruguayan PlayersEdinson Cavani
94.9%
14 Trophy Winning CoachesLaurent Blanc
93.8%
9 Last #9 JerseyPedro Miguel Pauleta
93.3%
10 Portuguese PlayersPedro Miguel Pauleta
93.3%
1 Ballon d'OrGeorge Weah
90.9%
14 Trophy Winning CoachesUnai Emery
88.8%
14 Trophy Winning CoachesCarlo Ancelotti
88.8%
13 Argentinian PlayersAngel Di Maria
87.5%
6 French Player Of The Year (FF)Luis Fernandez
86.7%
14 Trophy Winning CoachesLuis Fernandez
86.7%
13 Argentinian PlayersJavier Pastore
86.6%
Starting XI against Rapid 1996Paul Le Guen
86.6%
14 Trophy Winning CoachesPaul Le Guen
86.6%
12 1991/1992 GoalscorersPaul Le Guen
86.6%
6 French Player Of The Year (FF)Alain Roche
84.2%
Starting XI against Rapid 1996Alain Roche
84.2%
6 French Player Of The Year (FF)Bernard Lama
83.4%
Starting XI against Rapid 1996Bernard Lama
83.4%
Starting XI against Rapid 1996Raï
83.2%
3 Goalscorers against Steaua 1998 at HomeRaï
83.2%
14 Trophy Winning CoachesAntoine Kombouaré
82.6%
12 1991/1992 GoalscorersAntoine Kombouaré
82.6%
2 Albanian PlayersLorik Cana
80.8%
13 Argentinian PlayersEzequiel Lavezzi
79%
13 Argentinian PlayersGabriel Heinze
77%
6 French Player Of The Year (FF)David Ginola
75.2%
12 1991/1992 GoalscorersDavid Ginola
75.2%
8 DominiqueDominique Rocheteau
74.4%
Starting XI against Rapid 1996Vincent Guérin
74.2%
6 French Player Of The Year (FF)Vincent Guérin
74.2%
Starting XI against Rapid 1996Bruno N'Gotty
70.7%
9 Last #9 JerseyGuillaume Hoarau
69%
14 Trophy Winning CoachesGuy Lacombe
65%
14 Trophy Winning CoachesArtur Jorge
64.5%
Hint Answer % Correct
Starting XI against Rapid 1996Youri Djorkaeff
64.2%
9 Last #9 JerseyYouri Djorkaeff
64.2%
4 Uruguayan PlayersCristian Rodriguez
64.2%
13 Argentinian PlayersJuan Pablo Sorin
63.7%
7 ChristianChristian
63.4%
5 Players beginning with an OJay-Jay Okocha
63%
Starting XI against Rapid 1996Laurent Fournier
61.8%
12 1991/1992 GoalscorersLaurent Fournier
61.8%
Starting XI against Rapid 1996Patrice Loko
59.5%
9 Last #9 JerseyMarco Simone
59.2%
3 Goalscorers against Steaua 1998 at HomeMarco Simone
59.2%
14 Trophy Winning CoachesRicardo Gomes
58.9%
12 1991/1992 GoalscorersRicardo Gomes
58.9%
4 Uruguayan PlayersDiego Lugano
57.9%
12 1991/1992 GoalscorersValdo
57%
13 Argentinian PlayersMauricio Pochettino
56.3%
10 Portuguese PlayersHugo Leal
56.3%
9 Last #9 JerseyNicolas Anelka
56.2%
3 Goalscorers against Steaua 1998 at HomeFlorian Maurice
55%
Starting XI against Rapid 1996Daniel Bravo
54.4%
12 1991/1992 GoalscorersDaniel Bravo
54.4%
14 Trophy Winning CoachesVahid Halilhodzic
52.5%
Starting XI against Rapid 1996Patrick Colleter
50.2%
13 Argentinian PlayersMartin Cardetti
45.4%
9 Last #9 JerseyMartin Cardetti
45.4%
4 Uruguayan PlayersCarlos Bueno
43.2%
5 Players beginning with an OBartholomew Ogbeche
42.4%
14 Trophy Winning CoachesGérard Houllier
41.8%
8 DominiqueDominique Casagrande
40.6%
13 Argentinian PlayersCarlos Bianchi
39.4%
9 Last #9 JerseyJulio César Dely Valdes
39.2%
6 French Player Of The Year (FF)Blaise Matuidi
38.7%
5 Players beginning with an OGodwin Okpara
36.8%
8 DominiqueDominique Bathenay
35.8%
10 Portuguese PlayersHelder Cristovao
35.5%
Hint Answer % Correct
10 Portuguese PlayersManuel Helder
35%
2 Albanian PlayersEdwin Murati
34.9%
13 Argentinian PlayersMarcelo Gallardo
34.6%
5 Players beginning with an ONicolas Ouédec
32.6%
14 Trophy Winning CoachesAlain Giresse
30.4%
12 1991/1992 GoalscorersAmara Simba
28.3%
7 ChristianChristian Perez
27.4%
12 1991/1992 GoalscorersChristian Perez
27.4%
8 DominiqueDominique Baratelli
26.7%
5 Players beginning with an OHervin Ongenda
22.2%
10 Portuguese PlayersDaniel Kenedy
20.6%
13 Argentinian PlayersOmar Da Fonseca
17.6%
7 ChristianChristian Wörns
16.3%
12 1991/1992 GoalscorersBruno Germain
16%
9 Last #9 JerseyAli Benarbia
14.9%
13 Argentinian PlayersOsvaldo Ardiles
14.4%
13 Argentinian PlayersGabriel Calderon
13.6%
10 Portuguese PlayersFilipe Teixeira
12.8%
14 Trophy Winning CoachesGeorges Peyroche
11.4%
10 Portuguese PlayersJoaquim Agostinho
11.4%
12 1991/1992 GoalscorersGeraldao
10.4%
10 Portuguese PlayersJoao Alves
5.9%
12 1991/1992 GoalscorersPierre Reynaud
5%
7 ChristianChristian André
4.8%
10 Portuguese PlayersHumberto Coelho
3.7%
13 Argentinian PlayersRamon Heredia
2.4%
10 Portuguese PlayersFernando Cruz
2.4%
14 Trophy Winning CoachesPierre Phelipon
2.4%
8 DominiqueDominique Lokoli
2.2%
8 DominiqueDominique Berthaud
0.8%
8 DominiqueDominique Barberat
0.6%
8 DominiqueDominique Delplanque
0.5%
7 ChristianChristian Quéré
0.5%
7 ChristianChristian Fontin
0.5%
7 ChristianChristian Zajaczkowski
0.2%

You're not logged in!

Compare scores with friends on all Sporcle quizzes.
Join for Free
OR
Log In

You Might Also Like...

Show Comments

Extras

Top Quizzes Today


Score Distribution

Your Account Isn't Verified!

In order to create a playlist on Sporcle, you need to verify the email address you used during registration. Go to your Sporcle Settings to finish the process.

Report this User

Report this user for behavior that violates our Community Guidelines.

Details: